| 000 | 00443nam a2200193Ia 4500 | ||
|---|---|---|---|
| 005 | 20240823012233.0 | ||
| 008 | 240823s9999||||xx |||||||||||||| ||und|| | ||
| 020 | _a81 7371 1461 | ||
| 041 | _aENGLISH | ||
| 082 | _A920 p3 | ||
| 100 | _aAbdul Kalam A P J | ||
| 245 | 0 | _aWings of Fire | |
| 250 | _a1st | ||
| 260 |
_c2003 _b"University Press,Hyde" |
||
| 500 | _aYES | ||
| 650 |
_aAn Autography _bGeneral |
||
| 942 | _cBK | ||
| 999 |
_c163834 _d163834 |
||